Respuesta inelástica en un marco de concreto reforzado sujeto a cargas sísmicas

Gespeichert in:
Bibliographische Detailangaben
1. Verfasser: Montoya López, Carlos E.
Format: Buch
Veröffentlicht: [San José , Costa Rica] 1986
Schlagworte:
Tags: Tag hinzufügen
Keine Tags, Fügen Sie den ersten Tag hinzu!

MARC

LEADER 00000nam a2200000Ia 4500
003 002898
005 20221231144401.0
008 140114s1985 cr a m 000 ||s d
040 |c cru CEDI 
090 |a TFG 1714 
100 |a Montoya López, Carlos E.  |9 14462 
245 |a Respuesta inelástica en un marco de concreto reforzado sujeto a cargas sísmicas 
260 |c 1986  |a [San José , Costa Rica] 
300 |a  40 hojas : ilustraciones ; 
500 |a  Proyecto de graduación (ingeniero civil)--Universidad de Costa Rica. Facultad de Ingeniería. Escuela de IngenierÍa Civil 
650 |x CONSTRUCCIONES ANTISISMICAS   |x DISEÑO DE ESTRUCTURAS   |9 14463 
942 |c TFG 
999 |c 21063  |d 21063